| 000 | 00369nam a22001457a 4500 | ||
|---|---|---|---|
| 020 | _qPB. | ||
| 040 | _cFIZZA ISHAQ | ||
| 082 |
_a624.03 _bRSM |
||
| 100 |
_aMEANS,RS. _9111509 |
||
| 245 |
_aRSMEANS ILLUSTRATED CONSTRUCTION DICTIONARY / _cRS MEANS. |
||
| 250 | _aSTUDENT ED. | ||
| 260 |
_aCANADA ; _bJOHN WILEY & SONS, _c2012. |
||
| 300 | _a365 P. ; | ||
| 942 |
_2ddc _cBK |
||
| 999 |
_c594364 _d594364 |
||